000 00503nam a2200181Ia 4500
005 20250326130119.0
008 250326s9999 xx 000 0 und d
037 _aTextbook
040 _aFMSL
_beng
_cFMSL
041 _aeng
_2eng
084 _qFMSL
100 _aIndian Insument Centre
_9740133
245 0 _aProspects for uncillaries to public sector
_cIndian Insument Centre
260 _aIndia
_bIndia, Investment Centre
_c1976
300 _a84p
942 _cTB
999 _c1280978
_d1280978